00470nam a2200157Ia 4500003000400000005001700004008004100021040001800062041000800080082001500088100004600103245011600149260001900265600001400284650001400298OSt20260331105326.0211028s2010 xx 000 0 und d cAIMIT LIBRARY aeng a658.8 NAZR aNazareth, Ryna Joselene;Girish M.g816108 aTo analyse the feasibility of establishing a full fledged finishing school for knowledge varsity in Mangalore / bGirish Mc2010 aMarketing aMarketing